Quizzes
Events
Quiz Creation
Community
Videos
Private Events
Remove Ads
Sign In
Join for FREE
Feedback
Dark Mode
Quiz Categories
Sports
Geography
Music
Movies
Television
Just For Fun
Miscellaneous
History
Literature
Language
Science
Gaming
Entertainment
Religion
Holiday
For Kids
Quiz Lab
Recent
Popular Today
Quiz Kudos Today
Editor Picks
Curator Picks
Quizzes by...
Day
Popularity
Type
Ratings
Length
Year
Community
Subscriptions
Recent Discussions
Orange Saloon
Badges
Playlists
Quests
Create
Leaderboards
Showdown
Live 5
Trivia Bingo
Activity
Puzzle Library
Sporcle Events
Private Events
Virtual Trivia
Globe League
Become a Host
Pub Owners
SporcleCon
Opinionation
Our Games
Videos
Blog
Mobile Apps
Partnerships
Remove Ads and Go Orange
Feedback
Sports
Athletes
MLB
NBA
NHL
NFL
Soccer
Sports Teams
WWE
NCAA
Football
Premier League
Basketball
Baseball
Hockey
Golf
Tennis
Cricket
Rugby
Auto Racing
Olympics
World Cup
Sports
Athletes
MLB
NBA
NHL
NFL
Soccer
Sports Teams
WWE
NCAA
Football
Premier League
Basketball
Baseball
Hockey
Golf
Tennis
Cricket
Rugby
Auto Racing
Olympics
World Cup
Random Quiz
Search Sporcle
×
Quiz Lab
Quiz Lab
Sports
NFL
Type in answers that appear in a list
Type in answers that appear in a list
Classic
Best Score? Go Orange.
NFL franchise by record Stats
Can you name the NFL franchise by record through 2016?
By
JLKeip
6m
32 Questions
168 Plays
168 Plays
168 Plays
Comments
Comments
Give Quiz Kudos
Give Quiz Kudos
-
- Ratings
hide this ad
More Info
Forced Order
Answers have to be entered in order
Answers have to be entered in order
Replay
Link that replays current quiz
Next Quiz
Link to next quiz in quiz playlist
You Got
0%
They Got
Avg Score
36%
Avg Friend Score
Upgrade to see
Score Distribution
Jump to the score distribution portion of the page
Score
0/32
Timer
06:00
0
Plays Today
Win Percentage
% Correct
0.562
Chicago Bears
88.1%
0.573
Green Bay Packers
66.7%
0.553
Miami Dolphins
63.1%
0.572
Dallas Cowboys
61.3%
0.402
Tampa Bay Buccaneers
59.5%
0.527
Denver Broncos
45.8%
0.542
San Francisco 49ers
42.3%
0.530
Indianapolis Colts
42.3%
0.517
Seattle Seahawks
42.3%
0.528
New York Giants
38.1%
0.523
Las Vegas Raiders
36.9%
0.560
Baltimore Ravens
34.5%
0.499
Los Angeles Chargers
32.7%
0.426
Arizona Cardinals
32.1%
0.475
Carolina Panthers
30.4%
0.433
Houston Texans
30.4%
Win Percentage
% Correct
0.511
Cleveland Browns
29.8%
0.537
Pittsburgh Steelers
29.8%
0.449
Cincinnati Bengals
29.2%
0.544
Minnesota Vikings
28.6%
0.563
New England Patriots
28.6%
0.451
Detroit Lions
28%
0.477
Buffalo Bills
26.8%
0.438
Atlanta Falcons
26.8%
0.440
New York Jets
25.6%
0.541
Kansas City Chiefs
25%
0.416
Jacksonville Jaguars
24.4%
0.489
Philadelphia Eagles
24.4%
0.508
Los Angeles Rams
23.2%
0.468
New Orleans Saints
20.8%
0.498
Washington Football Team
19.6%
0.491
Tennessee Titans
19%
Quiz Playlist
Details
Report
Send in Message
Add To Playlist
More Info:
Note this only includes active franchises. Includes records through the 2009 regular season
Classic:
Type in answers that appear in a list
Forced Order:
Answers have to be entered in order
Quiz Source
Last Updated: Feb 16, 2017
Quiz Scoreboard
CHALLENGE
Sign Up to Join the Scoreboard
Show All
Scores
Hide
Comments
May contain spoilers
Recently Published
College Basketball Coaching Resumes
by pancakes188
Sports
9m
Billboard Blitz: Fleetwood Mac
by CooCooCachoo
Music
15s
Presidents Visiting Landmarks
by Hejman
History
7m
More to Explore
Quiz From the Vault
Featured Blog Post
Where Did the Easter Bunny Come From?
hide this ad
You Might Also Like...
Tags
NFL Quiz
franchise
Percentage
record
team
W-l-t
Winning
Today's Top Quizzes in Sports
Browse Sports
hide this ad
Today's Top Quizzes in NFL
Browse NFL
Top Contributed Quizzes in Sports
1
Les meilleurs buteurs des matchs entre le PSG et l’OM
2
2022 World Cup Stars
3
FIFA Club World Cup Champions
4
Les entraîneurs de l'OM et du PSG au 21e siècle
5
Criteria MLB: Left Handed Sluggers
6
AFC Teams Reveal (Wrong Answers Minefield)
7
5-to-1: UK Sports Teams
8
Name the Premier League winners with different clubs
9
5-to-1: FBS Animal Nicknames
10
Players with Multiple 50 Home Run Seasons
Explore More
Trending Topics
Marvel
Kpop
Harry Potter
Anime
NBA
Crossword
Disney
The Office
WWE
Country
Puzzle
NFL
Song
Soccer
Pokémon
hide this ad
More By:
JLKeip
Quiz
Plays
Rating
Category
Featured
Created
NFL Last Four 1000-Yard Rushers
277,710
4.51
Sports
May 4, 2010
NFL Top 10 QB/RB/WR (2000s)
263,215
4.36
Sports
Oct 14, 2010
NFL Top 10 QB/RB/WR (1990s)
43,387
4.32
Sports
Mar 29, 2010
Scrabble Tile Values
28,329
4.38
Gaming
Mar 30, 2010
MLB - 8.0+ WAR by team
6,801
4.11
Sports
Oct 3, 2010
Go to Creator's Profile
Score Distribution
Quiz Creator Spotlight
JLKeip
Follow
Send a Message
Quizzes Created
-
Created Quiz Play Count
-
More By This Creator
Popular Quizzes Today
1
Find the US States - No Outlines Minefield
2
Find the Countries of Europe - No Outlines Minefield
3
The Countries of the World
4
Find the US States
5
Risky Map Clicking: Biggest States A-Z
6
US States
7
Popular People in 1961
8
Movies - When Are They Set?
More Sports Quizzes
Each NFL Team's Stat Leaders in 2021 (Updated Weekly)
Quiz Lab
Trending Quizzes
Risky Map Clicking: Least Populous States A-Z
1-10 Letter G Words
1-10 Letter F Words
Risky Map Clicking: Next State Alphabetically
Click the Washington State Counties! (Map)
Recently Updated
Leaping Animals
pecheneg
Reality TV Shows (A-Z)
bhenderson79
Rickey Henderson's Hall of Fame Teammates
pecheneg
Champions League XIs: Arsenal
pecheneg
Quick Pick: Celebrities in WWE's Hall of Fame
aduchscher
A-Z Keypad Blitz II
pecheneg
Multiple Oscar Actors
pecheneg
Mystery Phrase Blitz: Oscar 'Best Actors'
pecheneg
F. Scott Fitzgerald Novels
LTH
Pick 3 Villains
ddd62291
Trending Topics
Anime
Crossword
Kpop
Marvel
Disney
Harry Potter
NBA
NFL
Puzzle
Pokémon
Soccer
Song
The Office
WWE
Country
Your Account Isn't Verified!
In order to create a playlist on Sporcle, you need to verify the email address you used during registration. Go to your
Sporcle Settings
to finish the process.
Report this User
Report this user for behavior that violates our
Community Guidelines
.
Details:
Send Report
Go to the Sporcle.com Mobile Site →
Comments